Bangladesh stamps and postal history / (Record no. 43577)
[ view plain ]
| 000 -LEADER | |
|---|---|
| fixed length control field | 00925nam a2200265 a 4500 |
| 001 - CONTROL NUMBER | |
| control field | 43577 |
| 003 - CONTROL NUMBER IDENTIFIER | |
| rucl marc code | BD-RjUL |
| 005 - DATE AND TIME OF LATEST TRANSACTION | |
| control field | 20211209053722.0 |
| 008 - FIXED-LENGTH DATA ELEMENTS--GENERAL INFORMATION | |
| fixed length control field | 910726s1988 bg a bc 000 0 eng |
| 020 ## - INTERNATIONAL STANDARD BOOK NUMBER | |
| Terms of availability | Tk60.00 ($6.00 U.S.) |
| 035 ## - SYSTEM CONTROL NUMBER | |
| System control number | (BD-RjUL)43695 |
| 040 ## - CATALOGING SOURCE | |
| Original cataloging agency | DLC |
| Transcribing agency | DLC |
| Modifying agency | BD-RjUL |
| Language of cataloging | eng |
| 041 ## - LANGUAGE CODE | |
| Language code of text/sound track or separate title | eng |
| 082 ## - DEWEY DECIMAL CLASSIFICATION NUMBER | |
| Edition number | 23 |
| Classification number | 769.5695492 |
| Author mark and year | RAB 1988 |
| 100 10 - MAIN ENTRY--PERSONAL NAME | |
| Personal name | Rahman, Siddique Mahmudur |
| 9 (RLIN) | 133880 |
| 245 10 - TITLE STATEMENT | |
| Title | Bangladesh stamps and postal history / |
| Statement of responsibility, etc. | by Siddique Mahmudur Rahman |
| 260 ## - PUBLICATION, DISTRIBUTION, ETC. (IMPRINT) | |
| Place of publication, distribution, etc. | Rajshahi, Bangladesh : |
| Name of publisher, distributor, etc. | Bangladesh Institute of Philatelic Studies, |
| Date of publication, distribution, etc. | c1988 |
| 300 ## - PHYSICAL DESCRIPTION | |
| Pagination | 64 p. : |
| Illustrations | ill. ; |
| Size | 23 cm. |
| 504 ## - BIBLIOGRAPHY, ETC. NOTE | |
| Bibliography, etc | Includes bibliographical references (p. 31). |
| 650 #0 - SUBJECT ADDED ENTRY--TOPICAL TERM | |
| Topical term or geographic name as entry element | Postage stamps |
| Geographic subdivision | Bangladesh |
| General subdivision | Catalogs. |
| 9 (RLIN) | 133881 |
| Topical term or geographic name as entry element | Postage stamps |
| Geographic subdivision | Bangladesh |
| General subdivision | History. |
| 9 (RLIN) | 133882 |
| 710 2# - ADDED ENTRY--CORPORATE NAME | |
| Corporate name or jurisdiction name as entry element | Bangladesh Institute of Philatelic Studies. |
| 9 (RLIN) | 133883 |
| 942 ## - ADDED ENTRY ELEMENTS (KOHA) | |
| Source of classification or shelving scheme | Dewey Decimal Classification |
| Koha item type | Books |
| Lost status | Source of classification or shelving scheme | Damaged status | Not for loan | Collection code | Permanent Location | Current Location | Shelving location | Date acquired | Total Checkouts | Full call number | Date last seen | Copy number | Koha item type |
|---|---|---|---|---|---|---|---|---|---|---|---|---|---|
| Dewey Decimal Classification | Non-fiction | Central Library, University of Rajshahi | Central Library, University of Rajshahi | 27/03/1994 | 769.5695492 RAB 1988 | 25/06/2016 | C-2 | Books |